| 000 -ლიდერი |
| ფიქსირებული სიგრძის საკონტროლო ველი |
01289nam a22002057a 4500 |
| 003 - საკონტროლო ნომრის იდენტიფიკატორი |
| საკონტროლო ველი |
Ge_BSU |
| 005 - ბოლო ოპერაციის თარიღი და დრო |
| საკონტროლო ველი |
20250210164758.0 |
| 008 - ფიქსირებული სიგრძის მონაცემთა ელემენტები - ზოგადი ინფორმაცია |
| ფიქსირებული სიგრძის საკონტროლო ველი |
250210s2011 ge ||||| |||| 00| 0 geo d |
| 020 ## - წიგნის საერთაშორისო სტანდარტული ნომერი |
| International Standard Book Number |
9789941104299 |
| 041 ## - ენის კოდი |
| Language code of text/sound track or separate title |
geo |
| 080 ## - უნივერსალური ათობითი კლასიფიკაციის ინდექსი |
| Universal Decimal Classification number |
94(4)(75.8) + 94(73)(075.8) პ-18 |
| 100 ## - მთავარი ჩანაწერი - პიროვნების სახელი |
| Personal name |
პაპასქირი, თეიმურაზ |
| 9 (RLIN) |
5509 |
| 245 ## - ცნობა სათაურის შესახებ |
| Title |
ევროპისა და ამერიკის ქვეყნების უახლესი ისტორია, 1914-1945. ნაკვ. 1 / |
| Statement of responsibility, etc |
თეიმურაზ პაპასქირი; რედ. მერაბ კალანდაძე; ექვთიმე თაყაიშვილის სახ. საქ. საისტ. საზ-ბა, აფხაზეთის ორგანიზაცია. |
| 250 ## - გამოცემის ცნობა |
| Edition statement |
მე-2 შესწ. გამოც. |
| 264 ## - წარმოების, გამოცემის, დისტრიბუციის და სხვა ცნობები |
| გამოცემის, წარმოების, დისტრიბუციის... ადგილი |
თბილისი : |
| გამოცემის, წარმოების, დისტრიბუციის... სახელწოდება |
მერიდიანი. |
| გამოცემის, წარმოების, დისტრიბუციის... თარიღი |
2011. |
| 300 ## - ფიზიკური აღწერა |
| Extent |
350 გვ.; |
| Other physical details |
24 სმ. |
| 700 ## - ADDED ENTRY--PERSONAL NAME |
| Personal name |
კალანდაძე, მერაბ |
| Relator term |
რედაქტორი |
| 9 (RLIN) |
1537 |
| 710 ## - ADDED ENTRY--CORPORATE NAME |
| Corporate name or jurisdiction name as entry element |
ექვთიმე თაყაიშვილის სახ. საქ. საისტ. საზ-ბა. აფხაზეთის ორგანიზაცია. |
| 9 (RLIN) |
15536 |
| 942 ## - ADDED ENTRY ELEMENTS (KOHA) |
| Source of classification or shelving scheme |
|
| Koha item type |
წიგნი |